US states by capitals - Statistics

General Stats
  • This quiz has been taken 39 times
  • The average score is 42 of 50
Answer Stats
Capital State % Correct
Austin Texas
97%
Albany New York
95%
Sacramento California
92%
Atlanta Georgia
92%
Honolulu Hawaï
92%
Boise Idaho
92%
Boston Massachusetts
92%
Oklahoma City Oklahoma
92%
Cheyenne Wyoming
92%
Phoenix Arizona
89%
Denver Colorado
89%
Indianapolis Indiana
89%
Juneau Alaska
86%
Dover Delaware
86%
Helena Montana
86%
Santa Fe New Mexico
86%
Bismarck North Dakota
86%
Columbus Ohio
86%
Nashville Tennessee
86%
Salt Lake City Utah
86%
Richmond Virginia
86%
Olympia Washington
86%
Montgomery Alabama
84%
Little Rock Arkansas
84%
Tallahassee Florida
84%
Springfield Illinois
84%
Des Moines Iowa
84%
Baton Rouge Louisiana
84%
Augusta Maine
84%
Annapolis Maryland
84%
Lansing Michigan
84%
Lincoln Nebraska
84%
Carson City Nevada
84%
Trenton New Jersey
84%
Raleigh North Carolina
84%
Salem Oregon
84%
Harrisburg Pennsylvania
84%
Hartford Connecticut
81%
Topeka Kansas
81%
Saint-Paul Minnesota
81%
Jackson Mississippi
81%
Pierre South Dakota
81%
Frankfort Kentucky
78%
Jefferson City Missouri
78%
Montpelier Vermont
78%
Concord New Hampshire
76%
Providence Rhode Island
76%
Columbia South Carolina
76%
Charleston West Virginia
76%
Madison Wisconsin
73%
No matching quizzes found
Score Distribution
Percent of People with Each Score
Percentile by Number Answered
Your Score History
You have not taken this quiz